[Event "CB-Emu swiss"]
[Site "?"]
[Date "2017.04.25"]
[Round "3"]
[White "Excel Display, Fidelity"]
[Black "Chess 7.0, C64."]
[Result "1-0"]
[WhiteElo "1880"]
[BlackElo "1600"]
[Annotator "Komodo 10.3 32-bit (60s)"]
[PlyCount "53"]
[EventDate "2017.??.??"]
[EventType "swiss"]

{D20: Angenommenes Damengambit} 1. d4 d5 2. c4 dxc4 3. e4 e5 4. Nf3 Bb4+ 5. Bd2
{erster berechneter Zug Weiss} Bxd2+ 6. Nbxd2 exd4 7. Bxc4 Nh6 8. Qa4+ $146 (8.
O-O O-O (8... c5 9. Rc1 Qe7 10. Nb3 b6 11. Nbxd4 (11. Bd5 Bb7 12. Nxc5 bxc5 13.
Qa4+ Kf8 14. Rxc5 Na6 15. Ra5 Nc5 16. Rxc5 Qxc5 17. Bxb7 Rd8 18. Bd5 Nf5 19.
Ne5 Qc7 20. Nxf7 Rxd5 21. Nxh8 Ra5 22. Qb4+ Nd6 23. Qxd4 Kg8 24. b4 Rb5 25. Rd1
Ne8 {Partos,C (2415)-Miles,A (2555) Biel 1977 0-1 (58)}) 11... O-O 12. Nb5 Nc6
13. Qd6 Qxd6 14. Nxd6 Bg4 15. Bd5 Rad8 16. Nb7 Rc8 17. Rc3 Nb4 18. Bc4 Rc7 19.
Nd6 Rd8 20. Nb5 Re7 21. a3 Bxf3 22. gxf3 Nc6 23. Bd5 {Hjartarson,J (2610)
-Huebner,R (2600) Tilburg 1988 1/2-1/2}) 9. Nb3 Qe7 10. Nbxd4 (10. Qxd4 Nc6 11.
Qe3 (11. Qc5 Qxc5 12. Nxc5 Na5 13. Be2 b6 14. b4 Nc6 15. Nd3 Re8 16. Rfc1 Rxe4
17. Rxc6 Rxe2 18. Rxc7 Bg4 19. a4 Bxf3 20. gxf3 g6 21. b5 Nf5 22. Rac1 Ra2 23.
Ne5 Rxa4 24. Rxf7 Re8 25. Rd7 Re7 {Zilberstein,V (2470)-Bagirov,V (2520)
Tbilisi 1973 0-1 (43)}) 11... Ng4 12. Qf4 Nce5 13. Nxe5 Nxe5 14. Be2 f5 15.
exf5 Bxf5 16. Qe3 Rab8 17. Qxa7 b6 18. Rac1 Be4 19. Qxc7 Qg5 20. g3 Nf3+ 21.
Bxf3 Bxf3 22. Rfe1 Qf5 23. Qe5 Qd3 24. Rc7 Qg6 {Kopjonkin,G (2390)-Ciuksyte,D 
(2105) Bratislava 1993 1-0}) 10... Nd7 11. Rc1 Ne5 12. h3 Nxc4 13. Rxc4 c5 14.
Nb3 Be6 15. Rc3 b6 16. Re1 f6 17. Nh4 Rad8 18. Qc1 c4 19. Nd2 b5 20. Rg3 Kh8
21. Nf1 Qd7 22. Qc3 Rf7 {Beyen,R (2280)-Mondragon,J Siegen 1970 0-1 (41)}) 8...
Bd7 {erster berechneter Zug Schwarz.} 9. Qb3 Nc6 10. Qd3 (10. O-O O-O $11)
10... Qf6 11. Nb3 {Im Brennpunkt: d4. Weiß droht Materialgewinn: Sb3xd4} (11.
O-O O-O-O $15) 11... Nb4 (11... O-O-O $5 12. h3 Ne5 13. Nxe5 Qxe5 $15) 12. Qd2
$11 Qe7 {Schwarz droht Materialgewinn: De7xe4} 13. Nfxd4 (13. a3 Nc6 14. O-O
$11) 13... f5 {Eine unnötige Schwächung. Viel besser war 13. ...c5} (13... c5
$5 {ist bedenkenswert} 14. Ne2 b5 $11) 14. O-O (14. a3 Nc6 15. Nxc6 Bxc6 $16)
14... fxe4 (14... O-O-O 15. e5 $16) 15. Rfe1 (15. a3 $142 Nc6 16. Nxc6 Bxc6 17.
Rae1 $16) 15... Ng4 $4 {Schachblindheit.. 2 Türme für die Dame wären ja nicht
schlecht. Chess 7.0 übersieht dabei aber, dass der Sb4 nicht mehr gedeckt ist..
.} (15... O-O-O $142 $11 {war der letzte Versuch}) 16. Rxe4 $3 $18 Qxe4 17. Re1
Qxe1+ (17... Nf6 {holt die Kuh nicht vom Eis} 18. Qxb4 O-O-O 19. Rxe4 Nxe4 20.
Na5 $18) 18. Qxe1+ Kd8 19. Qxb4 b6 20. Ne6+ {Nachvollziehbar, dass man jetzt
abtauschen will. Trotzdem erscheint mir das vorherige Dd2 als die bessere
Alternative.} Bxe6 21. Bxe6 Nf6 22. Qf4 c5 23. Qd6+ Ke8 24. Qc7 (24. Bc4 $142 {
und Weiß ist direkt am Ziel} Rc8 25. Nd2 $18) 24... Rf8 25. Bf5 g6 26. Bc8 (26.
Bd3 {wäre im Gewinnsinne präziser} Rd8 27. Bb5+ Rd7 28. Bxd7+ Nxd7 $18) 26...
Rxc8 27. Qxc8+ {Nun mit dem Vorteil Dame gegen Turm, wobei jetzt auch noch
einige Bauern fallen werden, kann man die Partie getrost für Schwarz aufgeben.}
(27. Qxc8+ Ke7 28. Qb7+ Nd7 29. Nd2 $18) 1-0

[Event "CB-Emu swiss"]
[Site "?"]
[Date "2017.04.19"]
[Round "3"]
[White "Glasgow, Mephisto"]
[Black "Chess 2001, CXG."]
[Result "1-0"]
[WhiteElo "1920"]
[BlackElo "1650"]
[Annotator "Komodo 10.3 32-bit (60s)"]
[PlyCount "65"]
[EventDate "2017.??.??"]
[EventType "swiss"]

{B13: Caro-Kann (Abtausch-Variante 4.c4)} 1. e4 c6 2. d4 d5 3. exd5 cxd5 4. Bd3
Nc6 5. c3 e6 6. Nf3 Bd6 7. O-O Nf6 (7... h6 8. Re1 Qc7 9. c4 dxc4 10. Bxc4 Nge7
11. d5 exd5 12. Bxd5 O-O 13. Nc3 Nxd5 14. Nxd5 Qd8 15. a3 Be6 16. Ne3 Be7 17.
Qa4 Bf6 18. Ng4 Be7 19. Nxh6+ gxh6 20. Bxh6 Qa5 21. Qxa5 Nxa5 22. Bxf8 {
Ermakov,J (2122)-Konyshev,A (2342) Kemerovo 2011 0-1 (53)}) 8. a4 $146 (8. Re1
O-O 9. Ne5 Qc7 10. f4 a6 11. Re3 b5 12. Rh3 Ne4 13. Qh5 h6 14. Bxe4 dxe4 15.
Nxc6 Qxc6 16. f5 exf5 17. Bxh6 Bxh2+ 18. Rxh2 Qxh6 19. Qxh6 gxh6 20. Rxh6 Be6
21. Nd2 Kg7 22. Rh4 Rh8 {Baumruk,J (1940)-Slangal,L (1695) Klatovy 2000 0-1 
(40)}) (8. Bg5 O-O (8... Qc7 9. Qe2 O-O 10. Nbd2 Bd7 11. Bc2 Rac8 12. Rac1 Ne8
13. Rfe1 f5 14. Nf1 h6 15. Bh4 g5 16. Bxg5 hxg5 17. Nxg5 Ng7 18. Rcd1 Rf6 19.
Nf3 Rcf8 20. Ne5 Bxe5 21. dxe5 Rh6 22. f4 Be8 23. Qf2 {Luett,M (2100)-Hupe,H
Hamburg 1997 1-0 (58)}) 9. Re1 Be7 10. Nbd2 h6 11. Bh4 Nh5 (11... Nh7 12. Bxe7
Nxe7 13. Ne5 Qb6 14. Rb1 Nc6 15. Qh5 Nf6 16. Qh4 Qd8 17. f4 Nd7 18. Qg3 Ncxe5
19. fxe5 f6 20. Rf1 fxe5 21. Rxf8+ Nxf8 22. Qxe5 Bd7 23. Rf1 Qb6 24. Nb3 Bb5
25. Bxb5 Qxb5 26. Qf4 {Bilyavskyy,B (1816)-Breitfuss,J (1366) Regen 2004 1-0 
(51)}) 12. Bxe7 Qxe7 13. Bc2 Qf6 14. Ne5 Nf4 15. Ndf3 Ne7 16. Ng4 Nh3+ 17. gxh3
Qf4 18. Kg2 Ng6 19. Bxg6 fxg6 20. Nge5 Qf6 21. Rg1 g5 22. Kh1 Qf5 {Pham,T 
(1950)-Nguyen,X (1685) Ho Chi Minh City 2013 1-0 (43)}) 8... O-O 9. Re1 Qc7 10.
Na3 (10. Qe2 b6 $11) 10... a6 $11 {Deckt b5} 11. Bg5 Ng4 (11... Bd7 12. Bxf6
gxf6 13. Ne5 $11) 12. h3 h6 (12... f6 13. hxg4 fxg5 14. Nxg5 $11) 13. hxg4 (13.
Bh4 Nf6 14. Bxf6 gxf6 $14) 13... hxg5 14. Nxg5 Bd7 $4 (14... g6 $142 $11 {
war notwendig}) 15. Qf3 $18 Bh2+ 16. Kf1 g6 17. g3 Qb6 (17... e5 18. Qxd5 Bxg4
$18) 18. Kg2 Bxg3 (18... Qd8 {würde die Partie unwesentlich verlängern} 19. Qe3
Kg7 20. Kxh2 Rh8+ 21. Kg2 Qc7 $18) 19. Qxg3 Qxb2 20. Bc2 (20. Rh1 $142 $5 {
und Weiß hätte es noch leichter} Qxa1 21. Rxa1 Kg7 $18) 20... Qb6 (20... f6 {
ist ein letzter Strohhalm} 21. Reb1 Qxa1 22. Rxa1 fxg5 $18) 21. Rab1 Qd8 22.
Rxb7 (22. Qh4 Kg7 23. Qh7+ Kf6 24. Nxe6 Bxe6 25. g5+ Ke7 26. Rxb7+ Qd7 27.
Rxe6+ Kd8 28. Rxd7+ Kxd7 29. Rxg6 $18) 22... Qxg5 23. Rxd7 Rab8 (23... Rad8 {
hilft auch nicht mehr} 24. Rc7 Rc8 25. Rxc8 Rxc8 26. Bd3 $18) 24. Rh1 Rfd8 (
24... Rbd8 {hätte noch versucht werden können} 25. Rc7 Rc8 26. Rxc8 Rxc8 $18)
25. Rc7 Rbc8 26. Qh3 $1 Qxg4+ (26... -- $140 27. Qh8# {Mattdrohung}) 27. Qxg4
Rxc7 28. Qf4 Kg7 29. Qxc7 a5 (29... Rf8 {macht keinen großen Unterschied} 30.
Qxc6 Rh8 31. Rxh8 Kxh8 32. Qxa6 Kg8 33. Nb5 Kg7 34. Qa7 e5 35. Nd6 e4 36. Qxf7+
Kh6 37. Kg3 Kg5 38. Qf4+ Kh5 39. Qh4#) 30. Rh7+ $1 Kxh7 (30... Kxh7 31. Qxf7+ {
Mattangriff Ablenkung}) 31. Qxf7+ Kh8 32. Bxg6 Rg8 (32... e5 {nützt auch
nichts mehr} 33. Qh7#) 33. Qh7# 1-0

[Event "CB-Emu swiss"]
[Site "?"]
[Date "2017.04.27"]
[Round "3"]
[White "Champion Sensory Chess Challe, Fidelity"]
[Black "Constellation Forte B, Novag"]
[Result "0-1"]
[WhiteElo "1650"]
[BlackElo "1920"]
[Annotator "Komodo 10.3 32-bit (60s)"]
[PlyCount "36"]
[EventDate "2017.??.??"]
[EventType "swiss"]

{C08: Französische Verteidigung (Tarrasch-Variante)} 1. e4 e6 2. d4 d5 3. Nd2
c5 4. exd5 exd5 5. Qe2+ Be7 {Und da war es vorbei mit dem Buchwissen} 6. dxc5
Nf6 (6... Nc6 7. Nb3 Nf6 8. Be3 O-O 9. Qd3 Re8 10. Nf3 Ng4 11. O-O-O Nxe3 12.
fxe3 Be6 13. h4 g6 14. Qc3 Bf6 15. Nbd4 Bg4 16. Bb5 Nxd4 17. exd4 Re4 18. Rhe1
Qc7 19. Bd3 Qf4+ 20. Qd2 Qxd2+ 21. Rxd2 {Hoppensack,M (1920)-Kohlmeyer,D (1720)
Berlin 2010 1-0 (55)}) 7. Qb5+ $146 (7. Nb3 O-O 8. Be3 (8. Bg5 Nbd7 9. O-O-O
Nxc5 10. Nxc5 Bxc5 11. Qe5 Be7 12. f4 h6 13. Bh4 Re8 14. Bb5 Bd7 15. Bxf6 Bxf6
16. Qxd5 Bxb5 17. Qxb5 Bxb2+ 18. Qxb2 Qxd1+ {0-1 (18) Schmitz,A (2140)
-Lomineishvili,M (2376) Bad Wiessee 2000}) 8... Re8 9. O-O-O a5 10. Qb5 Bd7 11.
Qxb7 Nc6 12. Nd4 Nb4 13. Kb1 Bxc5 14. Nb3 Bxe3 15. fxe3 Rb8 16. Qa7 Ne4 17. Bd3
Nc6 18. Qa6 Rb6 19. Qxb6 Qxb6 20. Bxe4 Rxe4 21. Rxd5 Be6 {Balshan,A (2415)
-Botterill,G (2400) Hastings 1978 0-1}) (7. b4 O-O 8. Nb3 Re8 9. Be3 a5 10.
Nxa5 Bxc5 11. c3 Bxe3 12. fxe3 Qb6 13. O-O-O Nc6 14. Nxc6 bxc6 15. Rd4 Ba6 16.
Qf3 Bxf1 17. Qxf1 Rxa2 18. Qf3 Qa6 19. Kd1 Ra1+ 20. Kd2 Qa2+ 21. Kd3 Qb1+ {
Diener,R-Lanz Calavia,J CC EU/M/Gr/760 0-1}) (7. Nb3 $5 $11) 7... Nc6 8. Ngf3
O-O 9. Nb3 Re8 (9... a5 10. Qa4 $11) 10. Be2 (10. Be3 Ng4 11. O-O-O Bf6 $15)
10... Ne4 11. Be3 Bd7 {Lf6 oder a6 schauen für mich besser aus} (11... a5 $142
12. O-O a4 $15) 12. Bd3 $4 {Sehr harmlos. Der Isolani d5 wartet doch geradezu
darauf angegriffen zu werden. Zudem nimmt der Läufer der Dame ein wichtiges
Rückzugsfeld.. danach kann Weiß alle Träume begraben} (12. Qd3 Bf5 13. Qd1 Na5
$11) 12... d4 $4 {netter Versuch.... aber leider ein Fehler} (12... a6 $142 {
und die Waage neigt sich zugunsten von Schwarz} 13. Qa4 Nxc5 14. Nxc5 Bxc5 $19)
13. Bxe4 $1 $11 dxe3 14. Qxb7 $4 {Gefährlich. Weit besser war die lange
Rochade...} (14. O-O-O $142 {war die einzige Möglichkeit, noch zu kämpfen} exf2
15. Kb1 $11) 14... exf2+ {Diesen Zug habe ich ebenfalls lang favorisiert. Im
Nachhinein schaut mir jedoch 14. ...Tb8 15. Da6 Lh4 besser aus..} (14... Rb8 {
damit würde Schwarz es sich noch erleichtern} 15. Qa6 exf2+ 16. Kf1 $19) 15.
Kf1 (15. Kxf2 Rb8 16. Bxc6 Rxb7 17. Bxb7 $19) 15... Rb8 {Stärker ist 15. ...
Lh4! (z.B. 16.Sxh4 Tb8 17. Da6 Dxh4 18. Sd2 Txe4 19. Sxe4 Dxe4 mit schwarzem
Vorteil). Aber auch nach dem Textzug bekommt Schwarz die Oberhand} (15... Bh4 {
lässt dem Gegner kaum Chancen} 16. g3 Rxe4 17. Kxf2 $19) 16. Qa6 Bh4 17. Bxc6
$4 {Der Verlustzug. A tempo gespielt (keine 20 sec). Der Sensory hat sich
nicht mal die Mühe gemacht hier tiefer zu rechnen in der Meinung auf Lxc6 nun
mit der Dame wiedernehmen und damit eine Figur gewinnen zu können... Ein
folgenschwerer Irrtum.} (17. Qe2 {die letzte Gegenchance} Bf5 $3 {Ablenkung: e4
} 18. Nxh4 Qxh4 19. Qxf2 Qxe4 20. Kg1 $19) 17... Bxc6 18. Qxc6 {ebenfalls a
tempo gespielt (10s). Scheinbar zieht der Sensory oft sofort, wenn es darum
geht Material wiederzubekommen und rechnet dann nicht mehr weiter. Dummerweise
erkennt er dadurch den Mattangriff nicht.} Qe7 {Und der Forte sagt ein Matt in
4 an.} (18... Qe7 19. Ne5 Qxe5 20. Qxe8+ Rxe8 21. g3 Qe2+ 22. Kg2 f1=Q#) 0-1

[Event "CB-Emu swiss"]
[Site "?"]
[Date "2017.04.27"]
[Round "3"]
[White "Chesster Chess Challenger, Fidelity"]
[Black "Super 9 Sensory Chess Challen, Fidelity"]
[Result "1-0"]
[WhiteElo "1935"]
[BlackElo "1740"]
[Annotator "Komodo 10.3 32-bit (60s)"]
[PlyCount "107"]
[EventDate "2017.??.??"]
[EventType "swiss"]

{B39: Sizilianisch (Maroczy-Aufbau)} 1. e4 c5 2. Nf3 Nc6 3. d4 cxd4 4. Nxd4 g6
5. c4 Bg7 6. Be3 Nf6 7. Nc3 Ng4 8. Qxg4 Nxd4 9. Qd1 Ne6 10. Rc1 O-O 11. b4 b6
12. Bd3 Bb7 13. O-O a5 14. a3 axb4 15. axb4 Ra3 16. Qd2 Bd4 {Bis hierher alles
aus dem Buch der beiden.., ab nun wird gerechnet.} 17. Nd5 $146 (17. Nb5 Bxe3
18. Qxe3 Ra4 19. Bc2 Rxb4 20. Qc3 Rxb5 21. cxb5 Qc8 22. Qd2 Nc5 23. Rfe1 d6 24.
Qd4 Qd7 25. e5 Qxb5 26. exd6 Qc6 27. f3 Qxd6 28. Qxd6 exd6 29. Rb1 Rd8 30. Rxb6
Kf8 31. Ra1 h5 {Shevelevich,E-Lukovnikov,A Simferopol 1989 1-0 (56)}) (17. Rfd1
Re8 $14) 17... Bxe3 18. fxe3 {Die geöffnete f-Linie wiegt den Doppelbauern auf.
Die weisse Stellung sieht gut aus.} (18. Qxe3 Bxd5 19. exd5 Nf4 20. Qxf4 Rxd3
$14) 18... f6 $11 19. Rcd1 Kg7 {besser wäre 19. ...d6} (19... Ng5 20. e5 $11)
20. Qb2 (20. e5 f5 $14) 20... Ra8 21. Ra1 (21. e5 f5 $14) 21... d6 (21... Ng5
22. Qd4 Bxd5 23. exd5 $15) 22. Rxa8 Bxa8 23. Ra1 Rf7 (23... Bb7 24. Ra7 Qb8 25.
Qa3 $14) 24. Qa3 {Stärker wirkt auf den ersten Blick Ta7. Aber auch der
Textzug ist gut} (24. Ra7 Bxd5 25. exd5 Nc7 $14) 24... Bxd5 $11 {Besser Lc6 um
das Feld a8 weiter überdecken zu können. Zudem wird dadurch der Doppelbauer
aufgelöst und das weisse Zentrum gestärkt.} 25. exd5 Nf8 26. Qc3 {Warum nicht
Da6?} e5 (26... Qc7 27. Qa3 $11) 27. Ra6 (27. dxe6 Nxe6 28. Be4 Re7 $16) 27...
f5 (27... Nd7 $5 $11 {ist zu erwägen}) 28. c5 $1 $14 {stark gespielt} dxc5 (
28... Qg5 29. Bb5 bxc5 30. bxc5 dxc5 31. Qxe5+ Kh6 32. d6 $14) 29. bxc5 Qxd5
30. cxb6 Nd7 31. Bc4 {Ta5 hätte Schwarz mehr Probleme bereitet..} (31. h3 Kh6
$16) 31... Qd1+ (31... Qc6 $142 $11) 32. Kf2 $4 {Und nun käme Weiss sogar in
Nachteil. Lf1 war der einzige sinnvolle Zug.} (32. Bf1 $142 $14) 32... Rf6 {
wie gesagt... käme. Nur hätte Schwarz dann Sf6 spielen müssen... z.B. 32. ...
Sf6 33. Dxe5 Kh6 34. Df4+ g5 35. b7 gxf4 36. b8D fxe3+ 37. Kxe3 Te7+ und Weiss
hat massive Probleme. Nun jedoch kommt erneut Weiss in Vorteil.} (32... Nf6
$142 {entschiede die Partie sofort} 33. Qxe5 Kh6 34. Qxf6 Rxf6 $19) 33. Ra7 $4
{vergibt den Vorteil} (33. Be2 Qd5 34. Ra5 Qd6 $18) 33... Kh6 $4 {besser ist
möglicherweise f4} (33... Rxb6 $142 {damit wäre Schwarz im Spiel geblieben} 34.
Be2 Qd5 $14) 34. Be2 $18 Qd6 (34... Qd5 35. Qc7 Rf7 36. b7 $18) 35. Qc7 f4 (
35... Qxc7 36. bxc7 Rc6 37. c8=Q Rxc8 38. Rxd7 $18) 36. Qxd7 fxe3+ 37. Kg3 Qxd7
38. Rxd7 Rxb6 39. Re7 e4 40. Kf4 Rb1 (40... Rb2 {ändert nichts am Ausgang der
Partie} 41. Kxe3 g5 42. Rxe4 $18) 41. Rxe4 {Schöner und einfacher ist 41. g4
oder h4} (41. g4 $142 {ließe Schwarz keine Chance} g5+ 42. Kxe4 $18) 41... Rg1
(41... Rb7 {ändert nichts mehr} 42. Kxe3 Ra7 43. h4 $18) 42. Kf3 {Wieder war
g4 einfacher} (42. Bf3 {gibt noch größeren Vorteil} Rh1 43. h3 Kg7 44. Re7+ Kg8
$18) 42... Rh1 43. h4 (43. h3 {und Weiß hätte es noch leichter} Kg5 44. Rc4 Ra1
$18) 43... Kg7 44. Kxe3 h5 (44... Kf6 $18 {ist ein letzter Versuch}) 45. Ra4
Re1 {Weiß darf nun die Drohung g3 nicht übersehen} 46. Ra7+ (46. Ra6 $142 $18 {
ist der schnellste Weg}) 46... Kf6 (46... Kf8 {holt die Kuh nicht vom Eis} 47.
Ra6 Kf7 48. g3 $18) 47. Ra6+ Kf7 (47... Kg7 $18 {wäre noch eine kleine Chance})
48. g3 Kg7 49. Kf2 Rb1 50. Rxg6+ $1 {Gibt ordentlich Material zurück} Kxg6 51.
Bd3+ Kf7 52. Bxb1 Kg7 53. Kf3 Kf7 54. Kf4 {und hier kann man dem Chesster
guten Gewissens den Punkt zusprechen...} 1-0

[Event "CB-Emu swiss"]
[Site "?"]
[Date "2017.04.28"]
[Round "3"]
[White "Designer 2100 Display, Fidelity"]
[Black "Sensory 9 Playmatic S, Fidelity"]
[Result "1/2-1/2"]
[WhiteElo "1950"]
[BlackElo "1750"]
[Annotator "Komodo 10.3 32-bit (60s)"]
[PlyCount "106"]
[EventDate "2017.??.??"]
[EventType "swiss"]

{E98: Königsindisch (Klassisches System)} 1. d4 Nf6 2. c4 g6 3. Nc3 Bg7 4. e4
d6 5. Nf3 O-O 6. Be2 e5 7. O-O Nc6 8. d5 Ne7 9. Ne1 Nd7 {Ab hier Ende der
Eröffnungsbibliothek} 10. f4 exf4 {'Üblicher ist eigentlich 10. ...f5'} (10...
f5 11. exf5 Nxf5 12. fxe5 Nxe5 13. Nf3 Nxf3+ 14. Bxf3 Nd4 15. Be4 Bf5 16. Be3
Bxe4 17. Rxf8+ Qxf8 18. Bxd4 Bf5 19. Qd2 Re8 20. Nb5 Bh6 21. Qc3 Re2 22. Qf3
Qe7 23. Bc3 Be3+ 24. Kh1 Rxg2 25. Re1 {Vorsilka,J-Rozmbersky,D (2125) Klatovy
1999 0-1}) 11. Bxf4 Nc5 12. Qc2 f5 13. exf5 $146 (13. Rd1 Bxc3 14. Qxc3 fxe4
15. Nc2 Rxf4 16. Rxf4 Nf5 17. b4 Na4 18. Qa1 Bd7 19. Rxe4 c6 20. Nd4 cxd5 21.
cxd5 Nxd4 22. Qxd4 Rc8 23. Re3 Rc2 24. Rf1 Rxe2 25. Rxe2 Bb5 26. Rfe1 Bxe2 27.
Rxe2 Qg5 {Yakubboev,N (2005)-Muradli,M (1760) Maribor 2012 1-0 (33)}) 13...
Bxf5 (13... Nxf5 14. Nf3 $15) 14. Qd2 Qd7 15. Nf3 Na4 (15... Bg4 16. Rae1 $11)
16. Nxa4 (16. Nd4 Nxc3 17. bxc3 Rae8 $14) 16... Qxa4 $14 17. Nd4 {Besser Lh6.
Weiß hat eine aktive Stellung 'Besser erscheint mir Lh6'} Rae8 {'?!' 'Nicht
wirklich gut. Ld7 erscheint mir logischer und würde den nachfolgenden
Springervorstoß verhindern.'} (17... Bd7 $5 {ist eine Alternative} 18. b3 Qa3
$11) 18. Nb5 $16 Rc8 $2 (18... Qc2 $142 19. Nxc7 Qxd2 20. Bxd2 Rc8 $16) 19. Bh6
$4 {lässt den Gewinn aus 'Sorgt eigentlich eher für Entlastung der schwarzen
Stellung. Lg5 hält den Druck aufrecht.'} (19. b3 $142 {und nichts geht mehr}
Qa6 20. c5 dxc5 21. Bc4 $18) 19... Bxh6 $11 20. Qxh6 {Die schwarze
Königssicherheit hat sich verschlechtert} Qa5 (20... Qc2 21. b3 $11) 21. Qe3
Rce8 22. b4 $2 {Nicht die beste Idee 'Nicht die beste Idee. Der Zug soll die
Dame von c7 ablenken, ist jedoch eher ein Eigentor. Nun kommt Schwarz in
Vorteil'} (22. Qc3 $142 $5 {damit wäre Weiß im Spiel geblieben} Qxc3 23. Nxc3
$11) 22... Qxb4 $17 23. Nxc7 {'?'} Nxd5 $1 {Hinlenkung: d5} 24. Qxe8 $4 {
ein Ende mit Schrecken} (24. cxd5 Qc5 {Hinlenkung Doppelangriff} (24... Rxe3 {
Abzugsangriff})) (24. Nxd5 Rxe3 {Abzugsangriff}) 24... Qc5+ $19 25. Rf2 Rxe8
26. Nxe8 Ne3 {'Auf c3 ist dieser Springer besser aufgehoben. Aber das ist
schwer zu sehen.'} (26... Nc3 $142 $5 {gibt noch größeren Vorteil} 27. Bf3 Qe5
28. Nc7 Ne2+ 29. Bxe2 Qxa1+ 30. Bf1 $19) 27. Bf3 $2 (27. Nf6+ Kg7 28. Nd5 Nxd5
29. cxd5 $19) 27... Qxc4 (27... b5 $5 {erleichterte Schwarz die Gewinnführung}
28. Re1 bxc4 29. Nxd6 $19) 28. Re1 Bd3 (28... Qd4 {und Schwarz hätte es noch
leichter} 29. Nxd6 Bd3 30. h3 $19) 29. Bd1 (29. h3 Qd4 $19) 29... Qd4 30. Bb3+
d5 31. Nf6+ {'Verständlich. Aber h3 sieht besser aus. Einerseits verhindert
das Sg4, andererseits verfügt Weiss dann über das Schlupfloch h2'} (31. h3 Bc4
32. Nf6+ Kh8 33. Ng4 Nxg4 34. hxg4 $19) 31... Kg7 32. Rc1 {'?' 'Kh1 war
geboten'} (32. g3 {ändert den Lauf der Dinge nicht} Qc3 33. Rxe3 Qc1+ 34. Kg2
Qxe3 35. Bxd5 Bf5 $19) 32... Bf5 33. Ne8+ Kg8 {'?' 'Kh6 bereitet dem Weissen
mehr Probleme.'} (33... Kh6 $142 {sichert den Gewinn} 34. Nd6 Ng4 35. Nxf5+
gxf5 $19) 34. h3 Qe5 35. Nc7 {'Te1 und Weiss kann sich halten. Nun hätte
Schwarz mit Lxh3 entscheidenden Vorteil erreichen können...'} (35. Re1 Kh8 36.
Nd6 Qxd6 37. Rxe3 d4 $19) 35... Bd3 {'?' 'hätte, wohlgemerkt...'} (35... Kg7
$142 $19 {und Schwarz gewinnt}) 36. Re1 Qxc7 37. Rf3 Be4 38. Rfxe3 Kh8 (38...
Qc5 39. Kh1 Kg7 40. R3e2 $19) 39. a3 (39. Bd1 Qc5 $17) 39... b6 (39... Qa5 $5
40. Bd1 $19) 40. Bd1 $17 Kg8 41. Bf3 {'Die Zeitkontrolle ist vorüber und mit
den schwarzen Vorteilen ist es weitestgehend vorbei.'} Bxf3 42. Rxf3 Qc5+ 43.
Ree3 d4 {Schwarz droht Materialgewinn: d4xe3} (43... Kg7 $5 $17) 44. Rd3 $15 g5
45. Rf2 a6 46. Rfd2 Qc4 {'?' 'Die Aktivierung des Königs mittels Kf7 hätte die
schwarzen Chancen bewahrt.'} (46... Kf7 47. Rxd4 Qxa3 48. Kh2 $11) 47. Rxd4
Qc1+ {Schwarz gabelt: a3} 48. Kh2 Qxa3 49. Rd8+ Kf7 50. R2d7+ Ke6 51. Rxh7 {
'mehr als Remis kann Schwarz nun nicht mehr erreichen.'} Qa4 52. Rh6+ {Weiß
spießt auf: b6} Ke7 {Schwarz droht Materialgewinn: Ke7xd8} 53. Ra8 Qf4+ {
und wegen der weissen Drohungen muss Schwarz nun Dauerschach geben. Daher
Remis 'und wegen der weissen Mattdrohungen muss Schwarz nun Dauerschach geben.
Daher Remis. (54. Kh1 Dc1+ 55. Kh2 Dx7+ 56. Kh1 Dc1+ usw.)'} 1/2-1/2